[Event "Rubinstein Memorial-C 55th"]
[Site "Polanica Zdroj"]
[Date "2019.08.25"]
[Round "9"]
[White "Grossmann, Ryszard"]
[Black "Lewandowski, Witold"]
[Result "1-0"]
[WhiteElo "1975"]
[BlackElo "1542"]
[PlyCount "90"]
[EventDate "2019.08.17"]
[EventType "swiss"]
[EventRounds "9"]
[EventCountry "POL"]
[SourceTitle "EXT 2020"]
[Source "ChessBase"]
[SourceDate "2019.10.17"]
[SourceVersion "1"]
[SourceVersionDate "2019.10.17"]
[SourceQuality "1"]

1. d4 f5 2. Nf3 Nf6 3. g3 g6 4. Bg2 Bg7 5. 0-0 0-0 6. c4 d6 7. Nc3 c6 8. Re1 Ne4 9. Qd3 d5 10. Bf4 e6 11. Rac1 a6 12. c5 g5 13. Be5 Nd7 14. Bxg7 Kxg7 15. b4 g4 16. Ne5 Nxe5 17. dxe5 b5 18. Bxe4 fxe4 19. Qd4 Bb7 20. Rf1 Qg5 21. Rc2 Rf7 22. Nd1 h5 23. Ne3 h4 24. Ng2 hxg3 25. hxg3 Rh8 26. Nh4 Kf8 27. Kg2 Rfh7 28. Rh1 Ke8 29. Rcc1 Kd8 30. Rc3 Kc8 31. Kf1 Rh5 32. Rg1 Rf8 33. f4 gxf3 34. exf3 exf3 35. Re3 Qh6 36. Kf2 Qh7 37. Rd1 Rxh4 38. gxh4 Qf5 39. Rdd3 Qh3 40. Rxf3 Qh2+ 41. Kf1 Rg8 42. Rf2 Qg1+ 43. Ke2 Qb1 44. Rdf3 Qxa2+ 45. Kd3 Qb1+ 1-0

[Event "POL-chT U20 1st League"]
[Site "Kudowa Zdroj"]
[Date "2018.07.29"]
[Round "9.28"]
[White "Koziorowicz, Michal"]
[Black "Lewandowski, Witold"]
[Result "1/2-1/2"]
[WhiteElo "1692"]
[BlackElo "1444"]
[PlyCount "98"]
[EventDate "2018.07.21"]
[EventType "team-tourn"]
[EventRounds "9"]
[EventCountry "POL"]
[SourceTitle "CBM 186 Extra"]
[Source "ChessBase"]
[SourceDate "2018.08.24"]
[SourceVersion "1"]
[SourceVersionDate "2018.08.24"]
[SourceQuality "1"]

1. e4 c5 2. Nf3 Nc6 3. d4 cxd4 4. Nxd4 g6 5. Nc3 Bg7 6. Be3 Nf6 7. Bc4 Qa5 8. 0-0 0-0 9. Bb3 d6 10. h3 Bd7 11. Re1 Rad8 12. Nd5 e6 13. Nxc6 Bxc6 14. Nxf6+ Bxf6 15. Bd4 Bxd4 16. Qxd4 Qc5 17. Rad1 Qxd4 18. Rxd4 Rd7 19. f4 Rfd8 20. Kf2 d5 21. e5 Kf8 22. g4 Ke7 23. g5 Rc7 24. Rg1 Bb5 25. Rg4 Bc4 26. c3 Bxb3 27. axb3 Rh8 28. Rh4 Kf8 29. Rg4 h5 30. Rg1 Ke7 31. Ra1 a6 32. Rb4 Rd8 33. Ke3 Kd7 34. Rb6 Kc8 35. Ra4 Rc5 36. Kd4 Rc7 37. Rab4 Rdd7 38. Rd6 Kd8 39. Rbb6 Kc8 40. c4 dxc4 41. bxc4 Kb8 42. c5 Kc8 43. b4 Kd8 44. Kc4 Kc8 45. b5 axb5+ 46. Kxb5 Kd8 47. Rxd7+ Rxd7 48. Rd6 Kc8 49. Kb6 Rc7 1/2-1/2

[Event "POL-chT U20 1st League"]
[Site "Kudowa Zdroj"]
[Date "2018.07.27"]
[Round "7.28"]
[White "Lewandowski, Witold"]
[Black "Janeczko, Jakub"]
[Result "1-0"]
[WhiteElo "1444"]
[BlackElo "1351"]
[PlyCount "91"]
[EventDate "2018.07.21"]
[EventType "team-tourn"]
[EventRounds "9"]
[EventCountry "POL"]
[SourceTitle "CBM 186 Extra"]
[Source "ChessBase"]
[SourceDate "2018.08.24"]
[SourceVersion "1"]
[SourceVersionDate "2018.08.24"]
[SourceQuality "1"]

1. e4 c5 2. Nf3 Nc6 3. d4 cxd4 4. Nxd4 Nf6 5. Nc3 e6 6. Ndb5 Bc5 7. Bf4 0-0 8. Bc7 Qe7 9. Bd6 Bxd6 10. Qxd6 Qd8 11. 0-0-0 a6 12. Nd4 Qb6 13. Nxc6 bxc6 14. Qd4 Qxd4 15. Rxd4 d5 16. exd5 cxd5 17. f4 Bd7 18. Be2 Rfc8 19. Rhd1 Ne8 20. Na4 Bxa4 21. Rxa4 a5 22. Rd3 Rc5 23. Rda3 Kf8 24. Rb3 Rac8 25. Bd3 Nd6 26. Rb6 Ne4 27. Rb5 Nf2 28. Rxc5 Rxc5 29. Kd2 Nxd3 30. Kxd3 Ke7 31. c4 dxc4+ 32. Rxc4 Rb5 33. Kc3 Kf6 34. a4 Rh5 35. h3 Kg6 36. b4 axb4+ 37. Kxb4 Rd5 38. a5 Rd2 39. g4 Rb2+ 40. Kc5 Ra2 41. Kb5 Ra3 42. a6 Ra1 43. Ra4 Rb1+ 44. Ka5 Rb8 45. a7 Rd8 46. Kb6 1-0

[Event "POL-chT U19 Wielkopolskie"]
[Site "Poland"]
[Date "2016.04.02"]
[Round "5.21"]
[White "Lewandowski, Witold"]
[Black "Lorenz, Rafal"]
[Result "1-0"]
[WhiteElo "1416"]
[BlackElo "1266"]
[PlyCount "45"]
[EventDate "2016.02.13"]
[EventType "team-tourn"]
[EventRounds "9"]
[EventCountry "POL"]
[SourceTitle "EXT 2019"]
[Source "ChessBase"]
[SourceDate "2018.10.10"]
[SourceVersion "1"]
[SourceVersionDate "2018.10.10"]
[SourceQuality "1"]

1. e4 e5 2. Nf3 Nc6 3. Bc4 Bc5 4. c3 d6 5. d3 h6 6. 0-0 Nf6 7. Bb3 0-0 8. h3 Qe7 9. Re1 Be6 10. Bc2 Rad8 11. a3 Qd7 12. d4 exd4 13. cxd4 Bb6 14. d5 Bxd5 15. exd5 Ne7 16. Nc3 Ng6 17. Ne4 Nh5 18. Nh2 Nhf4 19. Bxf4 Nxf4 20. Qf3 Nxd5 21. Bb3 Ne7 22. Ng4 Kh8 23. Nef6 1-0

[Event "POL-chT U19 Wielkopolskie"]
[Site "Poland"]
[Date "2016.04.02"]
[Round "7.15"]
[White "Lewandowski, Witold"]
[Black "Poltorak, Sebastian"]
[Result "1-0"]
[WhiteElo "1416"]
[BlackElo "1693"]
[PlyCount "101"]
[EventDate "2016.02.13"]
[EventType "team-tourn"]
[EventRounds "9"]
[EventCountry "POL"]
[SourceTitle "EXT 2019"]
[Source "ChessBase"]
[SourceDate "2018.10.10"]
[SourceVersion "1"]
[SourceVersionDate "2018.10.10"]
[SourceQuality "1"]

1. e4 c6 2. d4 d5 3. e5 Bf5 4. Nf3 e6 5. Be3 Nd7 6. Nbd2 Qb6 7. b3 Bb4 8. Be2 Qc7 9. 0-0 c5 10. Bd3 Bxd3 11. cxd3 cxd4 12. Bxd4 Ne7 13. Bb2 Nc6 14. d4 0-0 15. a3 Be7 16. Rc1 Rac8 17. Qe2 a6 18. Qe3 Rfd8 19. g3 b5 20. h4 Nf8 21. Kg2 Qb7 22. Rh1 b4 23. a4 f6 24. exf6 Bxf6 25. Rce1 a5 26. Ng5 Re8 27. Re2 h6 28. Nh3 e5 29. dxe5 Nxe5 30. Bxe5 Bxe5 31. Rhe1 Rc7 32. Qd3 Rc3 33. Qb5 Qxb5 34. axb5 Rc2 35. f4 Bc3 36. Rxe8 Rxd2+ 37. R1e2 Rxe2+ 38. Rxe2 d4 39. Nf2 Kf7 40. Ra2 Ke6 41. Nd3 Nd7 42. Kf3 Kd6 43. Rxa5 Nc5 44. Nxc5 Kxc5 45. Ke2 Kb6 46. Ra2 Kxb5 47. h5 Kc5 48. Kd3 Be1 49. Rg2 Kd5 50. g4 Ke6 51. Re2+ 1-0

[Event "POL-chT U19 Wielkopolskie"]
[Site "Poland"]
[Date "2016.02.14"]
[Round "4.9"]
[White "Kaminski, Antoni"]
[Black "Lewandowski, Witold"]
[Result "1-0"]
[WhiteElo "1537"]
[BlackElo "1416"]
[PlyCount "83"]
[EventDate "2016.02.13"]
[EventType "team-tourn"]
[EventRounds "9"]
[EventCountry "POL"]
[SourceTitle "EXT 2019"]
[Source "ChessBase"]
[SourceDate "2018.10.10"]
[SourceVersion "1"]
[SourceVersionDate "2018.10.10"]
[SourceQuality "1"]

1. e4 c5 2. Nc3 g6 3. f4 Nc6 4. Nf3 Bg7 5. Bc4 d6 6. 0-0 Nf6 7. d3 0-0 8. h3 a6 9. a4 b6 10. Qe1 Bb7 11. Qh4 e6 12. f5 exf5 13. exf5 d5 14. Bb3 Nb4 15. Bh6 Re8 16. Ng5 Rc8 17. fxg6 hxg6 18. Bxg7 Kxg7 19. Rxf6 Kxf6 20. Rf1+ Ke7 21. Nxf7+ Kd7 22. Nxd8 Rcxd8 23. Qh7+ Re7 24. Rf7 Rxf7 25. Qxf7+ Kc6 26. Qxg6+ Kc7 27. h4 Rd7 28. h5 Bc6 29. h6 Kb7 30. h7 Rxh7 31. Qxh7+ Kb8 32. Qg8+ Ka7 33. Bxd5 Nxd5 34. Nxd5 Bb7 35. Qf7 a5 36. g4 Ka6 37. g5 Ka7 38. g6 Ka6 39. g7 Ka7 40. g8Q Ka6 41. Qgg7 Ka7 42. Qxb7# 1-0